[Event "Wch Juvenil 2013 sub-18"]
[Site "Al-Ain UAE"]
[Date "2013.12.18"]
[Round "1.24"]
[White "Badalyan, Shavarsh"]
[Black "Srbis, Jurica"]
[Result "1/2-1/2"]
[WhiteElo "2077"]
[BlackElo "2399"]
[PlyCount "73"]
[EventDate "2013.12.19"]
[EventType "swiss"]
[EventRounds "11"]
[EventCountry "UAE"]
[Source "lmi"]
[SourceDate "2013.12.19"]

1. d4 Nf6 2. c4 c5 3. d5 e5 4. Nc3 d6 5. e4 Nbd7 6. g3 g6 7. h4 a6 8. a4 Bg7 9.
Bh3 O-O 10. Kf1 Nh5 11. Kg2 Nb6 12. Bxc8 Nxc8 13. Nh3 Qd7 14. g4 Nf6 15. f3 Ne7
16. Be3 h5 17. g5 Ne8 18. Rb1 Rc8 19. Qe2 f5 20. Nf2 a5 21. Nd3 b6 22. b3 Nc7
23. Rhf1 Rf7 24. Rf2 Rcf8 25. Rbf1 Na6 26. Nb5 Nb4 27. Nxb4 axb4 28. Qd1 Kh7
29. Qe2 Ng8 30. Qd1 Ne7 31. Qe2 Nc8 32. Qd1 Na7 33. Nxa7 Qxa7 34. Qe2 Qd7 35.
Qd1 Re8 36. Qe2 Rd8 37. Qd1 1/2-1/2

[Event "Wch Juvenil 2013 sub-18"]
[Site "Al-Ain UAE"]
[Date "2013.12.18"]
[Round "1.25"]
[White "Makhmutov, Rail"]
[Black "Atanasov, Anatoli"]
[Result "1-0"]
[WhiteElo "2396"]
[BlackElo "2041"]
[PlyCount "36"]
[EventDate "2013.12.19"]
[EventType "swiss"]
[EventRounds "11"]
[EventCountry "UAE"]
[Source "lmi"]
[SourceDate "2013.12.19"]

1. d4 Nf6 2. c4 g6 3. Nc3 c5 4. d5 d6 5. g3 Bg7 6. Bg2 O-O 7. Nf3 Na6 8. O-O
Nc7 9. e4 a6 10. a4 e6 11. h3 Qd7 12. e5 Nfe8 13. Re1 Rb8 14. Bf4 b5 15. b3 f6
16. dxe6 Nxe6 17. Qc2 bxc4 18. bxc4 a5 1-0

[Event "Wch Juvenil 2013 sub-18"]
[Site "Al-Ain UAE"]
[Date "2013.12.18"]
[Round "1.26"]
[White "Bargandzhiya, Zaza"]
[Black "Lugovskoy, Maxim"]
[Result "0-1"]
[WhiteElo "2039"]
[BlackElo "2392"]
[PlyCount "78"]
[EventDate "2013.12.19"]
[EventType "swiss"]
[EventRounds "11"]
[EventCountry "UAE"]
[Source "lmi"]
[SourceDate "2013.12.19"]

1. d4 d5 2. c4 e6 3. Nc3 Be7 4. Nf3 Nf6 5. Bg5 h6 6. Bh4 O-O 7. e3 b6 8. Rc1
Bb7 9. cxd5 exd5 10. Bd3 Nbd7 11. O-O Ne4 12. Bg3 c5 13. Qe2 a6 14. Rfd1 Nxc3
15. bxc3 c4 16. Bc2 b5 17. e4 dxe4 18. Bxe4 Bxe4 19. Qxe4 Nf6 20. Qc2 Nd5 21.
Ne5 Ba3 22. Ra1 Qa5 23. Nd7 Rfe8 24. Ne5 Nxc3 25. Rf1 Rac8 26. Kh1 f6 27. Ng4
Ne4 28. Be5 f5 29. Ne3 Qd2 30. Qb1 Qb2 31. Qe1 Bb4 32. Qd1 Nxf2+ 33. Rxf2 Qxf2
34. Nd5 Bf8 35. Qh5 Re6 36. Nf4 Rxe5 37. dxe5 Qxf4 38. e6 Qe5 39. Qf7+ Kh7 0-1

[Event "Wch Juvenil 2013 sub-18"]
[Site "Al-Ain UAE"]
[Date "2013.12.18"]
[Round "1.27"]
[White "Pon, Matt"]
[Black "Loiseau, Quentin"]
[Result "1/2-1/2"]
[WhiteElo "2006"]
[BlackElo "2388"]
[PlyCount "49"]
[EventDate "2013.12.19"]
[EventType "swiss"]
[EventRounds "11"]
[EventCountry "UAE"]
[Source "lmi"]
[SourceDate "2013.12.19"]

1. d4 Nf6 2. c4 c5 3. d5 e5 4. Nc3 d6 5. e4 Be7 6. Bd3 Nbd7 7. Nf3 Nf8 8. h3
Ng6 9. Be3 h5 10. g3 Bd7 11. a3 Qc8 12. Ng5 h4 13. g4 Nh7 14. Nxh7 Rxh7 15. Qd2
a6 16. b4 b6 17. Rb1 Rh8 18. Bc2 Nf4 19. Bxf4 exf4 20. bxc5 Qxc5 21. Na4 Qxa3
22. Nxb6 Bf6 23. Rb3 Qa1+ 24. Rb1 Qa3 25. Rb3 1/2-1/2

[Event "Wch Juvenil 2013 sub-18"]
[Site "Al-Ain UAE"]
[Date "2013.12.18"]
[Round "1.28"]
[White "Izzat, Kanan"]
[Black "Jacobsen, Fredrik Beer"]
[Result "1/2-1/2"]
[WhiteElo "2385"]
[BlackElo "1966"]
[PlyCount "130"]
[EventDate "2013.12.19"]
[EventType "swiss"]
[EventRounds "11"]
[EventCountry "UAE"]
[Source "lmi"]
[SourceDate "2013.12.19"]

1. d4 Nf6 2. Nf3 c5 3. d5 d6 4. Nc3 Na6 5. e4 Nc7 6. Be2 b5 7. e5 b4 8. exf6
bxc3 9. bxc3 exf6 10. O-O Be7 11. c4 O-O 12. Rb1 Ne8 13. Nd2 g6 14. Nb3 a5 15.
a4 Bd7 16. Ra1 f5 17. Bd2 Qc7 18. Qe1 Bd8 19. Bc3 Nf6 20. f3 Nh5 21. Qd2 Re8
22. Bd3 Ng7 23. h3 g5 24. g4 f4 25. h4 f5 26. hxg5 Bxg5 27. Qh2 h6 28. Rfe1 Rf8
29. Bxg7 Kxg7 30. gxf5 Bxf5 31. Bxf5 Rxf5 32. Re6 Bf6 33. Rae1 Qf7 34. Kf1 Qg6
35. Rxd6 Rh5 36. Qg2 Rg5 37. Qf2 Rh5 38. Qg1 Rg5 39. Qf2 Rh5 40. Re4 Rh1+ 41.
Ke2 Qh5 42. Kd3 Rh2 43. Qg1+ Kh8 44. Rxf6 Qxf3+ 45. Re3 Qxe3+ 46. Qxe3 fxe3 47.
Re6 h5 48. Nxc5 Kg7 49. Rxe3 h4 50. d6 Rh1 51. Kd2 h3 52. d7 Kf6 53. Re6+ Kf7
54. Rh6 Rd8 55. Ke3 h2 56. Rh7+ Kg6 57. Rh3 Kf5 58. Rh7 Kg6 59. Rh3 Kf5 60. Kd2
Kg4 61. Rh7 Kg3 62. Rg7+ Kf3 63. Rh7 Kg3 64. Rg7+ Kf3 65. Rh7 Kg3 1/2-1/2

[Event "Wch Juvenil 2013 sub-18"]
[Site "Al-Ain UAE"]
[Date "2013.12.18"]
[Round "1.29"]
[White "Ramos Libon, Jean Piere"]
[Black "Studer, Noel"]
[Result "0-1"]
[WhiteElo "1947"]
[BlackElo "2385"]
[PlyCount "90"]
[EventDate "2013.12.19"]
[EventType "swiss"]
[EventRounds "11"]
[EventCountry "UAE"]
[Source "lmi"]
[SourceDate "2013.12.19"]

1. c4 Nf6 2. Nc3 e6 3. e4 d5 4. e5 d4 5. exf6 dxc3 6. dxc3 Qxd1+ 7. Kxd1 gxf6
8. f4 Bd7 9. Be2 Na6 10. Kc2 Nc5 11. b4 Ne4 12. Nf3 Rg8 13. g3 a5 14. b5 Bc5
15. Re1 O-O-O 16. Nd2 Nxd2 17. Bxd2 h5 18. Bf3 h4 19. g4 f5 20. gxf5 exf5 21.
Bd5 Be6 22. Rxe6 fxe6 23. Bxe6+ Kb8 24. Bxg8 Rxg8 25. Re1 Rg2 26. Re5 b6 27.
Kd3 Rxh2 28. Rxf5 h3 29. Rh5 Rh1 30. Be3 h2 31. Bd2 Bf2 32. Rh8+ Kb7 33. Ke2
Bg3 34. Kf3 Rg1 35. Be3 Bxf4 36. Kxf4 h1=Q 37. Rxh1 Rxh1 38. c5 Ra1 39. Ke4
Rxa2 40. c6+ Kc8 41. Kd3 a4 42. Bd4 Rh2 43. c4 a3 44. Kc3 Rh3+ 45. Kc2 Rh4 0-1

[Event "Wch Juvenil 2013 sub-18"]
[Site "Al-Ain UAE"]
[Date "2013.12.18"]
[Round "1.30"]
[White "Ebeling, Daniel"]
[Black "Baskara, Fiodias"]
[Result "1-0"]
[WhiteElo "2374"]
[BlackElo "1936"]
[PlyCount "91"]
[EventDate "2013.12.19"]
[EventType "swiss"]
[EventRounds "11"]
[EventCountry "UAE"]
[Source "lmi"]
[SourceDate "2013.12.19"]

1. e4 c6 2. d4 d5 3. e5 Bf5 4. Nf3 e6 5. Be2 c5 6. O-O Nc6 7. c3 cxd4 8. Nxd4
Nge7 9. Nxf5 Nxf5 10. Bd3 g6 11. Re1 Bc5 12. Nd2 Qh4 13. Qe2 O-O 14. Nf3 Qh5
15. Bg5 Be7 16. Bf4 Nh4 17. Nd2 Qxe2 18. Rxe2 g5 19. Bg3 Ng6 20. Rd1 Rfd8 21.
h3 Kg7 22. Nf3 Rac8 23. Kf1 a6 24. Bh2 Na5 25. Nd4 Nc4 26. Rde1 Bc5 27. g3 Ne7
28. f4 h6 29. Nf3 gxf4 30. gxf4 Ng6 31. f5 exf5 32. Bxf5 Rc6 33. b3 Na3 34. e6
Bd6 35. e7 Nxe7 36. Rxe7 Bxe7 37. Rxe7 Kf6 38. Rxb7 d4 39. Bd7 Rxc3 40. Be5+
Ke7 41. Bg4+ Ke8 42. Bf6 Ra8 43. Ne5 Re3 44. Re7+ Kf8 45. Rxf7+ Kg8 46. Rg7+
1-0

[Event "Wch Juvenil 2013 sub-18"]
[Site "Al-Ain UAE"]
[Date "2013.12.18"]
[Round "1.31"]
[White "Thing, Bibek"]
[Black "Javanbakht, Nima"]
[Result "0-1"]
[WhiteElo "1902"]
[BlackElo "2374"]
[PlyCount "50"]
[EventDate "2013.12.19"]
[EventType "swiss"]
[EventRounds "11"]
[EventCountry "UAE"]
[Source "lmi"]
[SourceDate "2013.12.19"]

1. e4 c5 2. d4 cxd4 3. c3 e5 4. Nf3 Nc6 5. cxd4 exd4 6. Bc4 Bc5 7. O-O d6 8.
Bf4 Nf6 9. h3 O-O 10. Nbd2 Be6 11. Bg5 h6 12. Bh4 Re8 13. Bd5 Nb4 14. Qb3 Bxd5
15. exd5 Nbxd5 16. Qxb7 g5 17. Bg3 Rb8 18. Qa6 Rxb2 19. Nc4 Rb4 20. Ncd2 Qd7
21. Nb3 Ra4 22. Qd3 Ne4 23. Kh2 Nb4 24. Qd1 Nc3 25. Qc1 Nbxa2 0-1

[Event "Wch Juvenil 2013 sub-18"]
[Site "Al-Ain UAE"]
[Date "2013.12.18"]
[Round "1.32"]
[White "Sanzhaev, Darsen"]
[Black "Thorpe, Thomas"]
[Result "1-0"]
[WhiteElo "2366"]
[BlackElo "1897"]
[PlyCount "57"]
[EventDate "2013.12.19"]
[EventType "swiss"]
[EventRounds "11"]
[EventCountry "UAE"]
[Source "lmi"]
[SourceDate "2013.12.19"]

1. d4 g6 2. c4 Bg7 3. g3 Nf6 4. Bg2 O-O 5. Nc3 d6 6. Nf3 Nbd7 7. O-O c6 8. e4
e5 9. h3 Qe7 10. Re1 exd4 11. Nxd4 Nc5 12. f4 Rd8 13. Kh2 a5 14. b3 Ne6 15.
Nxe6 Bxe6 16. Bb2 Qd7 17. Qf3 Qc7 18. Rac1 Nd7 19. Qf2 Nc5 20. Rcd1 Qb6 21. f5
Bc8 22. Rf1 g5 23. e5 Bxe5 24. Na4 Nxa4 25. Bxe5 Qxf2 26. Rxf2 Nb6 27. Bf6 Rd7
28. Re2 Kf8 29. Rde1 1-0

[Event "Wch Juvenil 2013 sub-18"]
[Site "Al-Ain UAE"]
[Date "2013.12.18"]
[Round "1.33"]
[White "Darling, Paul D"]
[Black "Kriebel, Tadeas"]
[Result "0-1"]
[WhiteElo "1847"]
[BlackElo "2363"]
[PlyCount "53"]
[EventDate "2013.12.19"]
[EventType "swiss"]
[EventRounds "11"]
[EventCountry "UAE"]
[Source "lmi"]
[SourceDate "2013.12.19"]

1. e4 c5 2. Nf3 d6 3. d4 cxd4 4. Nxd4 Nf6 5. Nc3 a6 6. Bc4 e6 7. Bb3 Nbd7 8. f4
Nc5 9. Qf3 Qc7 10. f5 Bd7 11. O-O e5 12. Nde2 Bc6 13. Ng3 h5 14. Re1 h4 15. Nf1
Be7 16. Be3 Ncxe4 17. Qe2 Nxc3 18. bxc3 h3 19. g3 Ne4 20. Qg4 Bf6 21. c4 Qa5
22. Rad1 O-O 23. Bc1 Qb6+ 24. Be3 Qc7 25. Rd3 Nc5 26. Bxc5 dxc5 27. Ne3 0-1

[Event "Wch Juvenil 2013 sub-18"]
[Site "Al-Ain UAE"]
[Date "2013.12.18"]
[Round "1.34"]
[White "Licznerski, Lukasz"]
[Black "Rygg, Snorre"]
[Result "1-0"]
[WhiteElo "2354"]
[BlackElo "1838"]
[PlyCount "67"]
[EventDate "2013.12.19"]
[EventType "swiss"]
[EventRounds "11"]
[EventCountry "UAE"]
[Source "lmi"]
[SourceDate "2013.12.19"]

1. e4 c5 2. Nf3 d6 3. d4 cxd4 4. Qxd4 Nc6 5. Bb5 Bd7 6. Bxc6 Bxc6 7. Nc3 Nf6 8.
Bg5 e5 9. Qd3 Be7 10. Bxf6 Bxf6 11. O-O-O Be7 12. Nd5 Bxd5 13. Qxd5 Qb6 14. Qb3
Qxb3 15. axb3 Rc8 16. c3 g6 17. Kc2 f5 18. Nd2 Rf8 19. f3 Kf7 20. Rhe1 Ke6 21.
Re2 Rfd8 22. Ree1 a6 23. Nc4 fxe4 24. fxe4 Rc5 25. Nb6 Rf8 26. b4 Rc6 27. Nd5
h5 28. Kb3 Rcc8 29. b5 axb5 30. Re2 Rb8 31. Kb4 Rbc8 32. Kxb5 Bd8 33. b4 g5 34.
Ra2 1-0

[Event "Wch Juvenil 2013 sub-18"]
[Site "Al-Ain UAE"]
[Date "2013.12.18"]
[Round "1.35"]
[White "Du Toit, Stefan"]
[Black "Shetty, Atulya"]
[Result "0-1"]
[WhiteElo "1822"]
[BlackElo "2350"]
[PlyCount "74"]
[EventDate "2013.12.19"]
[EventType "swiss"]
[EventRounds "11"]
[EventCountry "UAE"]
[Source "lmi"]
[SourceDate "2013.12.19"]

1. c4 e5 2. Nc3 Nf6 3. g3 Nc6 4. Bg2 Bc5 5. d3 d6 6. a3 a6 7. Nf3 h6 8. O-O O-O
9. e3 Ba7 10. b4 Bf5 11. Bb2 Qd7 12. Nd5 Nxd5 13. cxd5 Ne7 14. e4 Bh7 15. Re1
f5 16. Qb3 Kh8 17. Re2 fxe4 18. dxe4 Rf6 19. Rc1 Raf8 20. h3 Bg6 21. Rcc2 Bh5
22. g4 Be8 23. g5 Rxf3 24. Bxf3 Qxh3 25. Rc3 Qg3+ 26. Bg2 Bxf2+ 27. Kh1 Qh4+
28. Rh3 Qxg5 29. Qc2 Bb6 30. Qc1 Qg4 31. Qe1 Bb5 32. Ree3 Bxe3 33. Qxe3 Bf1 34.
Bxf1 Rxf1+ 35. Kh2 Ng6 36. Rg3 Qh4+ 37. Rh3 Qf2+ 0-1

[Event "Wch Juvenil 2013 sub-18"]
[Site "Al-Ain UAE"]
[Date "2013.12.18"]
[Round "1.36"]
[White "Rindlisbacher, Lars"]
[Black "Harutyunyan, Axel"]
[Result "1-0"]
[WhiteElo "2345"]
[BlackElo "1811"]
[PlyCount "51"]
[EventDate "2013.12.19"]
[EventType "swiss"]
[EventRounds "11"]
[EventCountry "UAE"]
[Source "lmi"]
[SourceDate "2013.12.19"]

1. d4 f5 2. Nc3 Nf6 3. Bg5 e6 4. e4 fxe4 5. Nxe4 Be7 6. Bxf6 Bxf6 7. Nf3 b6 8.
Bd3 Bb7 9. c3 O-O 10. Qc2 h6 11. O-O-O d5 12. Nxf6+ Qxf6 13. Ne5 Qg5+ 14. Kb1
Rf6 15. f4 Qxf4 16. Bh7+ Kh8 17. Ng6+ Rxg6 18. Bxg6 Nd7 19. Rdf1 Qg5 20. Rf7
Bc6 21. Rhf1 Rc8 22. R1f3 Nf6 23. R3xf6 gxf6 24. Rh7+ Kg8 25. Bf7+ Kf8 26. Rh8+
1-0

[Event "Wch Juvenil 2013 sub-18"]
[Site "Al-Ain UAE"]
[Date "2013.12.18"]
[Round "1.37"]
[White "Meisch, Tanguy"]
[Black "Igambergenov, Alibek"]
[Result "0-1"]
[WhiteElo "1810"]
[BlackElo "2323"]
[PlyCount "68"]
[EventDate "2013.12.19"]
[EventType "swiss"]
[EventRounds "11"]
[EventCountry "UAE"]
[Source "lmi"]
[SourceDate "2013.12.19"]

1. e4 e6 2. d4 d5 3. Nc3 Nf6 4. Bg5 Be7 5. e5 Nfd7 6. Bxe7 Qxe7 7. f4 a6 8. Bd3
Qb4 9. Nge2 Qxb2 10. O-O c5 11. Na4 Qa3 12. Nxc5 Nxc5 13. dxc5 Qxc5+ 14. Kh1
Nc6 15. Rb1 b5 16. Ng3 g6 17. Qg4 h5 18. Qg5 Qe7 19. Qxe7+ Kxe7 20. a4 b4 21.
Rfc1 Bd7 22. c3 Rhb8 23. Ne2 bxc3 24. Nxc3 Nb4 25. Bf1 a5 26. Nb5 Bxb5 27. Bxb5
Rc8 28. Kg1 Na2 29. Rc6 Nc3 30. Rb2 Rab8 31. Ra6 Nxa4 32. Ra7+ Kf8 33. Rb3 Rc1+
34. Kf2 Nc3 0-1

[Event "Wch Juvenil 2013 sub-18"]
[Site "Al-Ain UAE"]
[Date "2013.12.18"]
[Round "1.38"]
[White "Johansson, Linus"]
[Black "Doluweera, Dinul Thisura"]
[Result "1-0"]
[WhiteElo "2314"]
[BlackElo "1803"]
[PlyCount "123"]
[EventDate "2013.12.19"]
[EventType "swiss"]
[EventRounds "11"]
[EventCountry "UAE"]
[Source "lmi"]
[SourceDate "2013.12.19"]

1. d4 Nf6 2. c4 g6 3. Nf3 Bg7 4. Nc3 O-O 5. Bg5 d6 6. e3 h6 7. Bh4 Nbd7 8. Be2
b6 9. O-O Bb7 10. Qc2 c5 11. d5 a6 12. a4 Ne5 13. Nxe5 dxe5 14. Rad1 Ne8 15. f4
Nd6 16. Bd3 Qd7 17. f5 g5 18. Bg3 b5 19. axb5 axb5 20. Nxb5 e4 21. Be2 Nxf5 22.
Qxe4 Nxg3 23. hxg3 f5 24. Qc2 Ba6 25. Nc3 Qd6 26. Rf3 Be5 27. Rdf1 Bc8 28. Nb5
Qb8 29. g4 Ra2 30. Rb1 Rf6 31. gxf5 g4 32. Rff1 h5 33. Qe4 Kf7 34. Bd3 Rxb2 35.
Rxb2 Bxb2 36. Qf4 Qxf4 37. Rxf4 Be5 38. Rf1 Ra6 39. Be4 Bb7 40. f6 Bxf6 41. Nc7
Ra4 42. d6 Bxe4 43. d7 Ra2 44. Rxf6+ Kxf6 45. d8=Q Rxg2+ 46. Kf1 g3 47. Nd5+
Bxd5 48. Qxd5 Rf2+ 49. Kg1 h4 50. Qh5 Rh2 51. Qxc5 h3 52. Qd4+ Kg6 53. Qg4+ Kf6
54. Qxg3 Rg2+ 55. Qxg2 hxg2 56. Kxg2 Ke5 57. Kf3 e6 58. Ke2 Ke4 59. Kd2 Kf5 60.
Kd3 Ke5 61. Kc3 Ke4 62. c5 1-0

[Event "Wch Juvenil 2013 sub-18"]
[Site "Al-Ain UAE"]
[Date "2013.12.18"]
[Round "1.39"]
[White "Muhd, Ahsanuddien Bin Bad"]
[Black "Emiroglu, Cankut"]
[Result "0-1"]
[WhiteElo "1803"]
[BlackElo "2309"]
[PlyCount "79"]
[EventDate "2013.12.19"]
[EventType "swiss"]
[EventRounds "11"]
[EventCountry "UAE"]
[Source "lmi"]
[SourceDate "2013.12.19"]

1. e4 c5 2. Nf3 Nc6 3. c4 e5 4. Nc3 g6 5. g3 d6 6. d3 Bg7 7. Bg2 Nge7 8. O-O
O-O 9. Ne1 f5 10. f4 fxe4 11. dxe4 Nd4 12. Nc2 Nec6 13. Rb1 Be6 14. Nd5 Qd7 15.
a3 Bg4 16. Qd2 Nxc2 17. Qxc2 Nd4 18. Qf2 Be2 19. Re1 Bd3 20. Be3 Bxb1 21. Rxb1
exf4 22. gxf4 Rae8 23. b4 b6 24. b5 Qg4 25. Kh1 Qe2 26. Bxd4 Qd3 27. Qf1 Qxf1+
28. Rxf1 cxd4 29. Nb4 Rf7 30. Nd5 Bh6 31. Rd1 Bxf4 32. Rxd4 Be5 33. Rd2 Kg7 34.
Kg1 Rc8 35. Rc2 Bd4+ 36. Kh1 Rcf8 37. Rd2 Bc5 38. a4 Rf2 39. Rd1 Rc2 40. Nc7
0-1

[Event "Wch Juvenil 2013 sub-18"]
[Site "Al-Ain UAE"]
[Date "2013.12.18"]
[Round "1.40"]
[White "Mindlin, Alon"]
[Black "Hu, Ting-Rey"]
[Result "1-0"]
[WhiteElo "2307"]
[BlackElo "1562"]
[PlyCount "41"]
[EventDate "2013.12.19"]
[EventType "swiss"]
[EventRounds "11"]
[EventCountry "UAE"]
[Source "lmi"]
[SourceDate "2013.12.19"]

1. d4 c5 2. e3 Nf6 3. c4 b6 4. Nc3 g6 5. Nf3 Bg7 6. Bd3 Bb7 7. d5 d6 8. e4 Nfd7
9. Bg5 Ne5 10. Nxe5 Bxe5 11. Qd2 Bg7 12. Bh6 O-O 13. h4 Nd7 14. h5 Nf6 15. Bxg7
Kxg7 16. hxg6 fxg6 17. Qh6+ Kf7 18. e5 dxe5 19. Ne4 Rh8 20. Ng5+ Ke8 21. Bxg6+
1-0

[Event "Wch Juvenil 2013 sub-18"]
[Site "Al-Ain UAE"]
[Date "2013.12.18"]
[Round "1.41"]
[White "Murad, Abdulla"]
[Black "Lewtak, Damian"]
[Result "0-1"]
[WhiteElo "1738"]
[BlackElo "2306"]
[PlyCount "66"]
[EventDate "2013.12.19"]
[EventType "swiss"]
[EventRounds "11"]
[EventCountry "UAE"]
[Source "lmi"]
[SourceDate "2013.12.19"]

1. Nf3 c5 2. c4 Nc6 3. Nc3 g6 4. g3 Bg7 5. Bg2 d6 6. O-O e5 7. d3 Nge7 8. Rb1
O-O 9. a3 a5 10. Bd2 h6 11. Nd5 Nxd5 12. cxd5 Ne7 13. e4 a4 14. Ne1 Bd7 15. Nc2
b5 16. Ne3 f5 17. f4 exf4 18. gxf4 Qb6 19. Kh1 Rae8 20. Bc3 c4 21. Nc2 cxd3 22.
Qxd3 fxe4 23. Bxe4 Bf5 24. Nd4 Bxd4 25. Bxd4 Qb7 26. Rg1 Kh7 27. Bxf5 Rxf5 28.
Rxg6 Kxg6 29. Qg3+ Rg5 30. fxg5 Qxd5+ 31. Qg2 Qxg2+ 32. Kxg2 Nf5 33. Bc3 hxg5
0-1

[Event "Wch Juvenil 2013 sub-18"]
[Site "Al-Ain UAE"]
[Date "2013.12.18"]
[Round "1.42"]
[White "Schreiner, Till"]
[Black "Al Zarooni, Ahmed"]
[Result "1-0"]
[WhiteElo "2304"]
[BlackElo "1723"]
[PlyCount "53"]
[EventDate "2013.12.19"]
[EventType "swiss"]
[EventRounds "11"]
[EventCountry "UAE"]
[Source "lmi"]
[SourceDate "2013.12.19"]

1. d4 d5 2. c4 c6 3. Nc3 Nf6 4. Nf3 dxc4 5. a4 Bf5 6. e3 e6 7. Bxc4 Bb4 8. O-O
Nbd7 9. Qe2 O-O 10. e4 Bg4 11. h3 Bh5 12. Bf4 Re8 13. Rfd1 Qa5 14. Qe3 Bxf3 15.
Qxf3 e5 16. Bg3 exd4 17. Rxd4 Ne5 18. Bxe5 Qxe5 19. Rad1 Bxc3 20. bxc3 c5 21.
Rd6 Qxe4 22. Qxe4 Rxe4 23. Bd5 Rxa4 24. Bc6 Ne8 25. Bxa4 Nxd6 26. Rxd6 g6 27.
Rd7 1-0

[Event "Wch Juvenil 2013 sub-18"]
[Site "Al-Ain UAE"]
[Date "2013.12.18"]
[Round "1.43"]
[White "Sengupta, Arjun"]
[Black "Hernandez Sanchez, Jairo Andre"]
[Result "0-1"]
[WhiteElo "1533"]
[BlackElo "2298"]
[PlyCount "46"]
[EventDate "2013.12.19"]
[EventType "swiss"]
[EventRounds "11"]
[EventCountry "UAE"]
[Source "lmi"]
[SourceDate "2013.12.19"]

1. e4 c5 2. Nc3 g6 3. g3 Bg7 4. Bg2 Nc6 5. d3 d6 6. f4 e6 7. Nf3 Nge7 8. O-O
O-O 9. Ne2 f5 10. c3 b5 11. Qc2 b4 12. Ng5 h6 13. Nh3 Rb8 14. Be3 Qa5 15. d4
bxc3 16. bxc3 cxd4 17. Nxd4 Nxd4 18. cxd4 fxe4 19. Bxe4 Nf5 20. Bxf5 gxf5 21.
Rfb1 Bb7 22. Nf2 Qd5 23. Nd3 Qh1+ 0-1

[Event "Wch Juvenil 2013 sub-18"]
[Site "Al-Ain UAE"]
[Date "2013.12.18"]
[Round "1.44"]
[White "Lkhagvasuren, Tsedvee"]
[Black "Abdulla, Abdulwahab"]
[Result "1-0"]
[WhiteElo "2292"]
[BlackElo "1838"]
[PlyCount "67"]
[EventDate "2013.12.19"]
[EventType "swiss"]
[EventRounds "11"]
[EventCountry "UAE"]
[Source "lmi"]
[SourceDate "2013.12.19"]

1. c4 e5 2. Nc3 Nc6 3. g3 g6 4. Bg2 Bg7 5. e3 Nge7 6. Nge2 O-O 7. O-O d6 8. d3
a5 9. Nd5 Be6 10. Nec3 Qd7 11. Qa4 Rfb8 12. Bd2 Qd8 13. Nb5 Bxd5 14. cxd5 Na7
15. Qxa5 c6 16. Nxa7 Qxa5 17. Bxa5 Rxa7 18. Bc7 Rc8 19. Bxd6 Nxd5 20. Bxd5 cxd5
21. Rfc1 Rc6 22. Rxc6 bxc6 23. a4 f5 24. Bc5 Ra6 25. a5 Bf8 26. Bb6 Bb4 27. Ra4
Bd6 28. e4 fxe4 29. dxe4 dxe4 30. Kf1 Kf7 31. Rc4 c5 32. Bxc5 Rc6 33. b4 Ke8
34. Ke2 1-0

[Event "Wch Juvenil 2013 sub-18"]
[Site "Al-Ain UAE"]
[Date "2013.12.18"]
[Round "1.45"]
[White "Prince, Bajaj"]
[Black "Eltigani, Omar"]
[Result "1-0"]
[WhiteElo "2227"]
[BlackElo "2288"]
[PlyCount "41"]
[EventDate "2013.12.19"]
[EventType "swiss"]
[EventRounds "11"]
[EventCountry "UAE"]
[Source "lmi"]
[SourceDate "2013.12.19"]

1. e4 c5 2. Nf3 e6 3. d4 cxd4 4. Nxd4 a6 5. Be2 Qc7 6. O-O Nc6 7. Nc3 Nf6 8.
Be3 b5 9. Nxc6 dxc6 10. f4 b4 11. Na4 c5 12. c3 b3 13. Qxb3 Bb7 14. Bf3 Nxe4
15. Rad1 Qc6 16. Nb6 c4 17. Nxc4 Bc5 18. Bxc5 Qxc5+ 19. Rd4 O-O 20. Qxb7 Rab8
21. Qxe4 1-0

[Event "Wch Juvenil 2013 sub-18"]
[Site "Al-Ain UAE"]
[Date "2013.12.18"]
[Round "1.51"]
[White "Marwizi, Tanaka"]
[Black "Menezes, Christoph"]
[Result "0-1"]
[WhiteElo "2264"]
[BlackElo "2260"]
[PlyCount "50"]
[EventDate "2013.12.19"]
[EventType "swiss"]
[EventRounds "11"]
[EventCountry "UAE"]
[Source "lmi"]
[SourceDate "2013.12.19"]

1. d4 Nf6 2. c4 e6 3. Nc3 Bb4 4. e3 b6 5. Qc2 Bb7 6. f3 c5 7. a3 Ba5 8. Bd3 O-O
9. Nge2 d5 10. O-O a6 11. cxd5 exd5 12. b3 Nbd7 13. Bd2 Rc8 14. Qb2 b5 15. b4
cxb4 16. axb4 Bc7 17. e4 dxe4 18. fxe4 Bb6 19. Kh1 Bxd4 20. Nxd4 Ne5 21. Bxb5
Qxd4 22. Ra2 axb5 23. Nxb5 Qd3 24. Rf5 Qxe4 25. Rg5 Nfg4 0-1

[Event "Wch Juvenil 2013 sub-18"]
[Site "Al-Ain UAE"]
[Date "2013.12.18"]
[Round "1.54"]
[White "Kenneskog, Theodor"]
[Black "Iyti, Basher"]
[Result "1-0"]
[WhiteElo "2270"]
[BlackElo "2269"]
[PlyCount "95"]
[EventDate "2013.12.19"]
[EventType "swiss"]
[EventRounds "11"]
[EventCountry "UAE"]
[Source "lmi"]
[SourceDate "2013.12.19"]

1. e4 g6 2. d4 Bg7 3. c4 d6 4. Nc3 Nf6 5. f3 c6 6. Be3 a6 7. Qd2 b5 8. d5 O-O
9. dxc6 Nxc6 10. cxb5 axb5 11. Bxb5 Na5 12. Rc1 Be6 13. Nge2 Nc4 14. Bxc4 Bxc4
15. b3 Ba6 16. Rc2 Nd7 17. O-O Ne5 18. Rd1 Rb8 19. Nd4 Rb7 20. Nd5 Qb8 21. Nc6
Nxc6 22. Rxc6 Bb5 23. Rc2 Rc8 24. Rdc1 Rxc2 25. Qxc2 e6 26. Qc8+ Be8 27. Ne7+
Kf8 28. Qxb8 Rxb8 29. Nc6 Bb2 30. Rc2 Ba3 31. Bh6+ Kg8 32. Ne7+ Kh8 33. Bc1
Bxc1 34. Rxc1 Rb7 35. Nc8 Rd7 36. Rd1 d5 37. exd5 Rd8 38. Nb6 Kg7 39. d6 Bc6
40. Rc1 Bb7 41. Rc7 Ba6 42. d7 Kf6 43. a4 Ke7 44. Nc8+ Kf8 45. b4 Bd3 46. b5 e5
47. b6 Ba6 48. b7 1-0

[Event "Wch Juvenil 2013 sub-18"]
[Site "Al-Ain UAE"]
[Date "2013.12.18"]
[Round "1.58"]
[White "Esenbek Uulu, Bakai"]
[Black "Saraci, Nderim"]
[Result "0-1"]
[WhiteElo "2009"]
[BlackElo "2047"]
[PlyCount "88"]
[EventDate "2013.12.19"]
[EventType "swiss"]
[EventRounds "11"]
[EventCountry "UAE"]
[Source "lmi"]
[SourceDate "2013.12.19"]

1. e4 c5 2. Nf3 d6 3. d4 cxd4 4. Nxd4 Nf6 5. Nc3 g6 6. Bc4 Bg7 7. Be3 Ng4 8. h3
Nxe3 9. fxe3 Nc6 10. O-O O-O 11. Nce2 Qb6 12. Qd2 Na5 13. Bd5 e6 14. Bb3 e5 15.
Nf3 Bh6 16. Kh1 Nxb3 17. axb3 Bxe3 18. Qd3 Be6 19. Nc3 Bh6 20. Rfd1 Rfd8 21.
Nd5 Bxd5 22. Qxd5 Rac8 23. c3 Rc5 24. Qd3 Qxb3 25. Rxa7 Qxb2 26. c4 Qb4 27. g4
Qxc4 28. Nxe5 Qxd3 29. Nxd3 Rb5 30. Ne1 Bf4 31. Nf3 Rc8 32. Ra3 Rb4 33. Re1
Rcc4 34. e5 dxe5 35. Nxe5 Bxe5 36. Rxe5 Rb2 37. Re1 Rf4 38. Kg1 h6 39. Rf1
Rxf1+ 40. Kxf1 h5 41. Ke1 Kg7 42. Rf3 g5 43. Kd1 Rb4 44. Rf5 Rd4+ 0-1

[Event "Wch Juvenil 2013 sub-18"]
[Site "Al-Ain UAE"]
[Date "2013.12.18"]
[Round "1.60"]
[White "Choi, Hangsuk"]
[Black "Martinez Maya, Steven"]
[Result "0-1"]
[WhiteElo "1348"]
[PlyCount "54"]
[EventDate "2013.12.19"]
[EventType "swiss"]
[EventRounds "11"]
[EventCountry "UAE"]
[Source "lmi"]
[SourceDate "2013.12.19"]
[BlackElo "2065"]

1. e4 c5 2. Nf3 d6 3. Nc3 Nf6 4. Nd5 Nxe4 5. Bd3 Nf6 6. Nxf6+ gxf6 7. b3 Nc6 8.
Bb5 Qb6 9. Qe2 Bg4 10. a4 a6 11. Bxc6+ Qxc6 12. Bb2 O-O-O 13. O-O-O Rg8 14.
Rhg1 Bh5 15. Qe3 e5 16. h3 Bxf3 17. gxf3 Rg6 18. f4 Bh6 19. Rxg6 hxg6 20. Qc3
Bxf4 21. Kb1 Kb8 22. b4 Qxa4 23. bxc5 dxc5 24. Qxc5 Rc8 25. Qd6+ Ka7 26. Rc1
Rc6 27. Qd3 Rb6 0-1